El delito de maltrato habitual
Guardat en:
| Autor principal: | |
|---|---|
| Format: | Llibre |
| Idioma: | espanyol |
| Publicat: |
Valencia
Tirant lo Blanch
2017
|
| Edició: | 1a. ed |
| Col·lecció: | Delitos, 137
|
| Matèries: | |
| Etiquetes: |
Afegir etiqueta
Sense etiquetes, Sigues el primer a etiquetar aquest registre!
|
MARC
| LEADER | 00000cam a2200000 a 4500 | ||
|---|---|---|---|
| 001 | UCC7187 | ||
| 003 | CL-VaPUC | ||
| 008 | 190308e20170000sp |||||||||||||||||spa|d | ||
| 020 | |a 9788491439899 | ||
| 082 | 0 | 4 | |a 346.03 |b SAN |2 21 |
| 100 | 0 | |a San Millán Fernández, Bárbara |e author |9 601702 | |
| 245 | 1 | 3 | |a El delito de maltrato habitual |
| 250 | |a 1a. ed | ||
| 300 | |a 235 p | ||
| 942 | |c BK | ||
| 945 | |d 20190308 12:55:00 |a dcastane | ||
| 260 | |a Valencia |b Tirant lo Blanch |c 2017 | ||
| 650 | 0 | |a Delitos |9 224143 | |
| 650 | 7 | |a MALTRATO |2 CL-VaPUC |9 530611 | |
| 583 | |a last modification |c 20190308 12:55:00 |k Rodrigo Vera | ||
| 490 | 0 | |a Delitos, 137 | |
| 999 | |c 373896 |d 373894 | ||
| 952 | |0 0 |1 0 |3 erb |4 0 |6 346_030000000000000_SAN_2017 |7 0 |8 A |9 492170 |a BIBDER |b BIBDER |i 5535034 |l 3 |o 346.03 SAN 2017 |p 5535034 |r 2024-07-18 |s 2024-07-18 |w 2019-11-24 |y BK |z Catalogado en:20190308 |k DER | ||